Normal view
MARC view
Entry Personal Name
001 - CONTROL NUMBER
- control field: 37361
003 - CONTROL NUMBER IDENTIFIER
- control field: OSt
005 - DATE AND TIME OF LATEST TRANSACTION
- control field: 20230406110321.0
008 - FIXED-LENGTH DATA ELEMENTS
- fixed length control field: 230406|| aca||aabn | a|a d
040 ## - CATALOGING SOURCE
- Original cataloging agency: OSt
- Transcribing agency: OSt
100 ## - HEADING--PERSONAL NAME
- Personal name: Pavlic, Rodolfo Disi and Toro, Edgar Rebolledo
670 ## - SOURCE DATA FOUND
- Source citation: Work cat.: (OSt)521643: Pavlic, Rodolfo Disi and Toro, Edgar Rebolledo, Implementing local participatory institutions: Evidence from the Chilean communes
